La sacra biblia
Gespeichert in:
| Format: | Buch |
|---|---|
| Sprache: | Undetermined |
| Veröffentlicht: |
Roma, Italia
Societ á Biblica Britannica e frestiera
1965
|
| Schlagworte: | |
| Tags: |
Tag hinzufügen
Keine Tags, Fügen Sie den ersten Tag hinzu!
|
MARC
| LEADER | 00000nam a2200000Ia 4500 | ||
|---|---|---|---|
| 008 | 170316s9999 xx 000 0 und d | ||
| 090 | |a 230 R-7s | ||
| 245 | |a La sacra biblia | ||
| 260 | |a Roma, Italia | ||
| 260 | |b Societ á Biblica Britannica e frestiera | ||
| 260 | |c 1965 | ||
| 300 | |a 1595 páginas | ||
| 650 | |a TEOLOGÍA | ||
| 999 | |c 18064 |d 18064 | ||
| 040 | |a cru BVZT | ||
| 942 | |c 15 D |h 230 R-7s |2 z | ||
